00943nam a2200277 a 4500003000900000005001700009008004100026040001300067100002800080245008700108260002800195300001900223490003400242500006500276504005600341650003200397650002700429650001400456650002600470650002800496650001700524650002200541653002700563653003300590700004200623AR-BaBNM20251128210301.0082120s2002 ||||||||||||||000 | spa|| cAR-BaBNM1 aMarelim Vianna, Heraldo00aComunicaçâo e expressâobproblemas teóricos e prácticos de avaliaçâo aSan PablobIBRASAc1984 a143 p.btablas 0aBiblioteca Didácticavv. 33 aIBRASA: Instituçâo Brasilera de difusâo cultural S. A. aContiene bibliografía al final de cada capítulo 4aENSEÑANZA DE LA ESCRITURA 4aMEJORA DE LA ESCRITURA 4aREDACCION 4aEVALUACION DEL ALUMNO 4aCRITERIOS DE EVALUACION 4aCOMUNICACION 4aPRUEBAS OBJETIVAS aENSENANZA DE LA LENGUA aENSEÑANZA DE LA LITERATURA1 aBarros Carone, Flavia deeprologuista